| 000 | 01698nam a22002657a 4500 | ||
|---|---|---|---|
| 999 |
_c63107 _d63107 |
||
| 003 | Ge_BSU | ||
| 005 | 20250603161235.0 | ||
| 008 | 250603s2020 ge ||||| |||| 00| 0 geo d | ||
| 020 | _a9789941311918 | ||
| 041 | _ageo | ||
| 080 | _a51(072) მ-15 | ||
| 245 |
_aმათემატიკა: მასწავლებლის წიგნი: _bმე-8 კლასი / _cგურამ გოგიშვილი, თეიმურაზ ვეფხვაძე, ია მებონია, ლამარა ქურჩიშვილი; რედაქტორი თეიმურაზ ვეფხვაძე. |
||
| 264 |
_aთბილისი: _bინტელექტი, _c 2020. |
||
| 300 |
_a454 გვ.; _b28 სმ. |
||
| 500 | _aგრიფმინიჭებულია საქართველოს განათლების, მეცნიერების, კულტურისა და სპორტის სამინისტროს მიერ 2020 წელს. | ||
| 504 | _aბიბლიოგრაფია: გვ. 452-453 | ||
| 653 | _aგეომეტრიული ფიგურები | ||
| 653 | _aგანტოლებათა სისტემები | ||
| 700 |
_aგოგიშვილი, გ. _eავტორი _925229 |
||
| 700 |
_a ვეფხვაძე, თეიმურაზ _eავტორი _925230 |
||
| 700 |
_aმებონია, ია _eავტორი _95603 |
||
| 700 |
_aქურჩიშვილი, ლ. _eავტორი _925219 |
||
| 700 |
_aვეფხვაძე, თ. _eრედაქტორი _925231 |
||
| 942 |
_2udc _cᲬᲘᲒᲜᲘ |
||